00839nam a2200205Ia 4500008004100000020001500041050002300056100004400079240003300123245012800156250001800284260007900302300002500381500005100406505005000457650002100507700003200528700004300560700003000603120720s1990 usa 000 0 spa d a0201629321 aQD251.2 bM67 1990 aMorrison, Robert Thortond, 1918eautor aOrganic Chemistrylespañol aQuimica Organicac / Robert Thornton Morrison, Robert Neilson Boyd ; traducción Rosa Zugazagoitia Herranz, Peter Fiedler  a5a. edición aWilmington, Delaware ;aMéxicob : Addison-Wesley Iberoamericanac, 1990 axxiv, 1474 páginas aIncluye: índice de materias (pp. 1413-1474)  aLos fundamentos Temas especiales Biomoleculas aQUIMICA ORGANICA aBoyd, Robert Neilsoneautor aZugazagoitia Herranz, Rosaetraductora aFiedler, Peteretraductor